|
|
|
|
| LEADER |
00680cam a2200193 7i4500 |
| 001 |
0000015381 |
| 005 |
20050422090000.0 |
| 022 |
0 |
0 |
|a 1675-249 X
|
| 090 |
0 |
0 |
|a M 384.6025
|b KUM
|
| 110 |
2 |
0 |
|a Kumpulan Telekom Malaysia
|
| 245 |
2 |
0 |
|a 2004/ 2005 Neighbourhood directory :
|b Ampang.
|
| 260 |
0 |
0 |
|a Kuala Lumpur:
|b Telekom Publications,
|c 2004.
|
| 300 |
# |
# |
|a 128 p.
|
| 650 |
0 |
0 |
|a Ampang (Malaysia) --
|x Maps
|
| 650 |
0 |
0 |
|a Ampang (Malaysia) --
|x Yellow pages
|
| 651 |
0 |
0 |
|a Malaysia
|
| 999 |
|
|
|a SBH000056H
|b Directories
|c Malaysia
|e MATRADE Sabah
|
| 999 |
|
|
|a PNG000108H
|b Directories
|c Malaysia
|e MATRADE Northern Regional Office
|
| 999 |
|
|
|a 0000016669
|b Directories
|c Malaysia
|e Business Information Centre
|